书目信息 |
| 题名: |
弹性腔理论及其在心血管系统分析中的应用
|
|
| 作者: | 柳兆荣 , 李惜惜 著 | |
| 分册: | ||
| 出版信息: | 北京 科学出版社 1987 |
|
| 页数: | 253页 | |
| 开本: | 19cm | |
| 丛书名: | ||
| 单 册: | ||
| 中图分类: | Q66 | |
| 科图分类: | ||
| 主题词: | 弹性腔理论-应用-心血管系统--分析 , 心血管系统-弹性腔理论-应用--分析 | |
| 电子资源: | ||
| ISBN: | ||
| 000 | 00807nam0 2200265 45 | |
| 001 | 0187009760 | |
| 005 | 20040629172621.4 | |
| 010 | @dCNY1.95 | |
| 091 | @a13031.3622 | |
| 100 | @a19901007d1987 emky0chiy0121 ea | |
| 101 | 0 | @achi |
| 102 | @aCN@b110000 | |
| 105 | @ay z 000yy | |
| 106 | @ar | |
| 200 | 10 | @a弹性腔理论及其在心血管系统分析中的应用@Atan xing qiang li lun ji qi zai xin xue guan xi tong fen xi zhong de ying yong@f柳兆荣, 李惜惜著 |
| 210 | @a北京@c科学出版社@d1987 | |
| 215 | @a253页@d19cm | |
| 606 | @a弹性腔理论-应用-心血管系统@x分析 | |
| 606 | @a心血管系统-弹性腔理论-应用@x分析 | |
| 690 | @aQ66@v3 | |
| 701 | 0 | @a柳兆荣@Aliu zhao rong@4著 |
| 701 | 0 | @a李惜惜@Ali xi xi@4著 |
| 801 | 0 | @aCN@b深圳图书馆@c20040525 |
| 801 | 2 | @aCN@bNLC@c20040525 |
| 905 | @dQ66@e15@f1@b215254 | |
| 弹性腔理论及其在心血管系统分析中的应用/柳兆荣, 李惜惜著.-北京:科学出版社,1987 |
| 253页;19cm |
| ISBN :CNY1.95 |
| ● |
| 相关链接 |
|
|
|
|
正题名:弹性腔理论及其在心血管系统分析中的应用
索取号:Q66/15
 
预约/预借
| 序号 | 登录号 | 条形码 | 馆藏地/架位号 | 状态 | 备注 |
| 1 | 0215254 | 001933126 | 第三借阅区/ [索取号:Q66/15] | 在馆 | |
| 2 | 0215255 | 000703563 | 第三借阅区/ [索取号:Q66/15] | 在馆 | |
| 3 | 0215256 | 000703590 | 第二样本阅览室/ [索取号:Q66/15] | 在馆 |